PTS Hải Phòng bứt phá mạnh mẽ /
में बचाया:
| मुख्य लेखक: | |
|---|---|
| स्वरूप: | लेख |
| भाषा: | Vietnamese |
| विषय: | |
| टैग : |
टैग जोड़ें
कोई टैग नहीं, इस रिकॉर्ड को टैग करने वाले पहले व्यक्ति बनें!
|
| Thư viện lưu trữ: | Thư viện Trường Đại học Đà Lạt |
|---|
| LEADER | 00736nam a2200265 4500 | ||
|---|---|---|---|
| 001 | DLU110120157 | ||
| 005 | ##20110421 | ||
| 040 | # | # | |a DLU |b vie |
| 041 | # | # | |a vie |
| 044 | # | # | |a vn |
| 100 | # | # | |a Mạnh Cường. |
| 245 | # | # | |a PTS Hải Phòng bứt phá mạnh mẽ / |a Mạnh Cường. |
| 653 | # | # | |a Đâu tư phát triển |
| 653 | # | # | |a Kinh doanh |
| 653 | # | # | |a Tăng trưởng |
| 773 | # | # | |t Đầu tư chứng khoán |g Số 2(474), 2008, tr. 25 |
| 920 | # | # | |a Phòng Tạp chí -- Trung tâm Thông tin - Thư viện Trường Đại học Đà Lạt |
| 994 | # | # | |a DLU |
| 900 | # | # | |a True |
| 911 | # | # | |a Nguyễn Thị Linh Chi |
| 925 | # | # | |a G |
| 926 | # | # | |a A |
| 927 | # | # | |a BB |
| 980 | # | # | |a Thư viện Trường Đại học Đà Lạt |